[Event "Madrid San Viator op 20th"]
[Site "Madrid"]
[Date "2013.06.09"]
[Round "9"]
[White "Cazorla Munoz, Francisco"]
[Black "Cabeza Hernandez, Guillermo"]
[Result "1-0"]
[WhiteElo "1735"]
[BlackElo "1549"]
[PlyCount "111"]
[EventDate "2013.04.07"]
[EventType "swiss"]
[EventRounds "9"]
[EventCountry "ESP"]
[SourceTitle "EXT 2014"]
[Source "ChessBase"]
[SourceDate "2013.11.20"]
[SourceVersion "1"]
[SourceVersionDate "2013.11.20"]
[SourceQuality "1"]

1. e4 e5 2. Nf3 d6 3. Bc4 Be7 4. d4 exd4 5. Nxd4 Nf6 6. Nc3 0-0 7. Be3 c6 8. Qd3 b5 9. Bb3 Ba6 10. Nde2 c5 11. Nxb5 Qa5+ 12. Nec3 Nc6 13. 0-0 Ne5 14. Qe2 Nxe4 15. Bd5 Nxc3 16. bxc3 Bxb5 17. c4 Bc6 18. f4 Bxd5 19. cxd5 Ng6 20. c4 Rab8 21. Qc2 Rb7 22. Bd2 Qa3 23. Rf3 Qa6 24. Qe4 Bf6 25. Bc3 Bxc3 26. Rxc3 Qa5 27. Rc2 Re7 28. Qf3 Re1+ 29. Rxe1 Qxe1+ 30. Qf1 Qxf1+ 31. Kxf1 Nxf4 32. Rb2 g5 33. Rb7 Re8 34. Rxa7 Re2 35. g3 Rxh2 36. gxf4 gxf4 37. Ra6 Rc2 38. Rxd6 Kf8 39. Rc6 Rxc4 40. d6 Ke8 41. Rc7 Rc1+ 42. Ke2 Rc2+ 43. Kf3 Rxa2 44. Kxf4 Ra4+ 45. Ke5 c4 46. Kf6 h5 47. Rxf7 Kd8 48. Ke6 Kc8 49. Rf8+ Kb7 50. d7 Ra6+ 51. Ke7 Kc6 52. d8Q Ra7+ 53. Ke6 c3 54. Qd5+ Kb6 55. Rb8+ Kc7 56. Qd6# 1-0

[Event "Madrid San Viator op 20th"]
[Site "Madrid"]
[Date "2013.06.02"]
[Round "8"]
[White "Enriquez Pastor, Jorge"]
[Black "Cazorla Munoz, Francisco"]
[Result "1/2-1/2"]
[WhiteElo "1398"]
[BlackElo "1735"]
[PlyCount "139"]
[EventDate "2013.04.07"]
[EventType "swiss"]
[EventRounds "9"]
[EventCountry "ESP"]
[SourceTitle "EXT 2014"]
[Source "ChessBase"]
[SourceDate "2013.11.20"]
[SourceVersion "1"]
[SourceVersionDate "2013.11.20"]
[SourceQuality "1"]

1. Nf3 Nf6 2. d4 e6 3. Bg5 Be7 4. c4 c5 5. dxc5 Qa5+ 6. Qd2 Qxc5 7. Qd4 Qa5+ 8. Bd2 Qc7 9. Bf4 d6 10. Bg5 e5 11. Qh4 h6 12. Bxf6 Bxf6 13. Qe4 Be6 14. e3 d5 15. cxd5 Qc1+ 16. Ke2 Qxb2+ 17. Nbd2 Qb5+ 18. Ke1 Qxd5 19. Qxd5 Bxd5 20. Nc4 Bxc4 21. Bxc4 e4 22. Nd4 Nc6 23. Rd1 0-0 24. Nxc6 bxc6 25. Ke2 Rab8 26. Rb1 Rb6 27. Rb2 Rfb8 28. Rd1 R8b7 29. Rxb6 axb6 30. Rd6 b5 31. Bb3 c5 32. Bd5 Ra7 33. Bxe4 Rxa2+ 34. Rd2 Rxd2+ 35. Kxd2 c4 36. Bd5 Kf8 37. f4 g5 38. g3 Ke7 39. e4 Bd4 40. e5 f6 41. exf6+ Kxf6 42. fxg5+ hxg5 43. h4 g4 44. Bc6 b4 45. Bd7 Bf2 46. Bxg4 Bxg3 47. Be2 c3+ 48. Kc2 Bxh4 49. Bd3 Ke5 50. Kb3 Be7 51. Bc2 Kd4 52. Bb1 Ke3 53. Kc2 Kd4 54. Kb3 Kc5 55. Bc2 Bg5 56. Bb1 Bc1 57. Bc2 Ba3 58. Bb1 Kd4 59. Bc2 Ke3 60. Bb1 Kd2 61. Bc2 Kc1 62. Bd3 Kd2 63. Bc2 Bb2 64. Bb1 Kc1 65. Bc2 Ba3 66. Bd3 Kd2 67. Bc2 Bb2 68. Bb1 c2 69. Bxc2 Bc3 70. Bb1 1/2-1/2

[Event "Madrid San Viator op 19th"]
[Site "Madrid"]
[Date "2012.10.21"]
[Round "5"]
[White "Martin Rodriguez, Jose Luis"]
[Black "Cazorla Munoz, Francisco"]
[Result "0-1"]
[WhiteElo "1431"]
[BlackElo "1764"]
[PlyCount "60"]
[EventDate "2012.09.23"]
[EventType "swiss"]
[EventRounds "9"]
[EventCountry "ESP"]
[SourceTitle "EXT 2013"]
[Source "ChessBase"]
[SourceDate "2012.11.22"]
[SourceVersion "1"]
[SourceVersionDate "2012.11.22"]
[SourceQuality "1"]

1. e4 e5 2. Nf3 Nf6 3. Nxe5 d6 4. Nf3 Nxe4 5. d3 Nf6 6. Bg5 Be7 7. Qe2 0-0 8. Nbd2 Re8 9. Qd1 Nd5 10. Bxe7 Rxe7+ 11. Be2 Nf4 12. Kf1 Nxe2 13. Ne4 Nf4 14. Qd2 Ng6 15. Re1 Nc6 16. h4 d5 17. Ng3 Rxe1+ 18. Kxe1 Qe7+ 19. Kd1 Bg4 20. h5 Nge5 21. Re1 Qf6 22. Qe3 h6 23. Kc1 Bxf3 24. Rg1 Bg4 25. f4 Nd7 26. Rf1 Qd4 27. Qd2 Re8 28. Re1 Rxe1+ 29. Qxe1 Qxf4+ 30. Kb1 Nf6 0-1

[Event "Madrid San Viator op 18th"]
[Site "Madrid"]
[Date "2012.05.20"]
[Round "7"]
[White "Cazorla Munoz, Francisco"]
[Black "Vazquez Cabeza, Isaac"]
[Result "1-0"]
[WhiteElo "1755"]
[BlackElo "1471"]
[PlyCount "77"]
[EventDate "2012.03.25"]
[EventType "swiss"]
[EventRounds "9"]
[EventCountry "ESP"]
[SourceTitle "EXT 2013"]
[Source "ChessBase"]
[SourceDate "2012.11.22"]
[SourceVersion "1"]
[SourceVersionDate "2012.11.22"]
[SourceQuality "1"]

1. d4 Nf6 2. c4 d6 3. Nc3 g6 4. Nf3 Bg7 5. e3 0-0 6. Bd3 Bg4 7. h3 Be6 8. Qc2 c5 9. d5 Bd7 10. b3 Qa5 11. Bd2 Qb6 12. 0-0 Na6 13. a3 Nc7 14. b4 cxb4 15. axb4 Rfb8 16. e4 Na6 17. Be3 Qc7 18. Rfb1 e6 19. Nd4 exd5 20. exd5 Nh5 21. g4 Nf4 22. Bf1 Be5 23. Qd2 g5 24. Nf3 Bxc3 25. Qxc3 Nxd5 26. Qd2 Nxe3 27. Qxe3 b6 28. Qb3 Rc8 29. Rd1 Be6 30. Rac1 b5 31. Qa3 Nb8 32. cxb5 Qb6 33. Rxc8+ Bxc8 34. Qd3 Bb7 35. Bg2 Kg7 36. Qxd6 Qxb5 37. Nd4 Qa4 38. Nf5+ Kg8 39. Bxb7 1-0

[Event "Madrid San Viator op 18th"]
[Site "Madrid"]
[Date "2012.04.01"]
[Round "2"]
[White "Cazorla Munoz, Francisco"]
[Black "Sanchez Obregon, Diego"]
[Result "0-1"]
[WhiteElo "1755"]
[BlackElo "2042"]
[PlyCount "94"]
[EventDate "2012.03.25"]
[EventType "swiss"]
[EventRounds "9"]
[EventCountry "ESP"]
[SourceTitle "EXT 2013"]
[Source "ChessBase"]
[SourceDate "2012.11.22"]
[SourceVersion "1"]
[SourceVersionDate "2012.11.22"]
[SourceQuality "1"]

1. e4 c5 2. Nf3 d6 3. d4 cxd4 4. Nxd4 Nf6 5. Nc3 a6 6. f4 e6 7. Bd3 Qc7 8. 0-0 Nbd7 9. Be3 b5 10. a4 b4 11. Nce2 Bb7 12. Ng3 Nc5 13. f5 e5 14. Nf3 Ncxe4 15. Nxe4 Nxe4 16. a5 Nc5 17. Bc4 Rd8 18. Qe2 d5 19. Ba2 Be7 20. Kh1 0-0 21. h4 d4 22. Bg5 e4 23. Nh2 Bd5 24. f6 gxf6 25. Rxf6 Bxa2 26. Qg4 Qc8 27. Qg3 Kh8 28. Qe5 Nd7 29. Qxe7 Qxc2 30. Rxa2 Qb1+ 31. Rf1 Qxa2 32. Qxe4 f6 33. Qxd4 Qe6 34. Ng4 Ne5 35. Bxf6+ Qxf6 36. Rxf6 Rxd4 37. Rxf8+ Kg7 38. Nxe5 Rxh4+ 39. Kg1 Kxf8 40. b3 Rh5 41. Nc4 Ke7 42. Kf2 Kd7 43. Kf3 Kc6 44. g3 Kb5 45. Kf4 Rc5 46. Nd6+ Kc6 47. Nc4 Rxc4+ 0-1

[Event "Madrid San Viator op 17th"]
[Site "Madrid"]
[Date "2011.10.23"]
[Round "7"]
[White "Cabanas Jimenez, Andres"]
[Black "Cazorla Munoz, Francisco"]
[Result "1-0"]
[WhiteElo "2229"]
[BlackElo "1725"]
[PlyCount "43"]
[EventDate "2011.09.25"]
[EventType "swiss"]
[EventRounds "9"]
[EventCountry "ESP"]
[SourceTitle "EXT 2012"]
[Source "ChessBase"]
[SourceDate "2011.11.24"]
[SourceVersion "1"]
[SourceVersionDate "2011.11.24"]
[SourceQuality "1"]

1. e4 c5 2. Nc3 e6 3. Nf3 Nc6 4. d4 cxd4 5. Nxd4 a6 6. Be3 Nf6 7. Bd3 Ne5 8. 0-0 Be7 9. Be2 b5 10. f4 Nc4 11. Bxc4 bxc4 12. e5 Ng8 13. Ne4 Qb6 14. Nf5 Qc6 15. Nfd6+ Kf8 16. f5 f6 17. Qh5 Bxd6 18. Nxd6 g6 19. fxg6 Kg7 20. Bh6+ Nxh6 21. exf6+ Kg8 22. Qxh6 1-0

[Event "Madrid San Viator op 17th"]
[Site "Madrid"]
[Date "2011.10.09"]
[Round "4"]
[White "Cazorla Munoz, Francisco"]
[Black "Cabeza Hernandez, Guillermo"]
[Result "1-0"]
[WhiteElo "1725"]
[BlackElo "1631"]
[PlyCount "75"]
[EventDate "2011.09.25"]
[EventType "swiss"]
[EventRounds "9"]
[EventCountry "ESP"]
[SourceTitle "EXT 2012"]
[Source "ChessBase"]
[SourceDate "2011.11.24"]
[SourceVersion "1"]
[SourceVersionDate "2011.11.24"]
[SourceQuality "1"]

1. d4 d5 2. c4 Nf6 3. Nc3 dxc4 4. e4 Nc6 5. e5 Nd5 6. Bxc4 e6 7. Nf3 Bb4 8. Bd2 Na5 9. Bxd5 exd5 10. Qa4+ Nc6 11. Bg5 f6 12. exf6 gxf6 13. Be3 Bd7 14. Qb3 Be6 15. a3 Bxc3+ 16. bxc3 b6 17. Qb5 Qd7 18. a4 Na5 19. Qb4 0-0-0 20. Nd2 Qg7 21. g3 Nc6 22. Qb5 Kb7 23. Nb3 Kc8 24. Qxc6 Rd6 25. Qa8+ Kd7 26. Qxa7 Qg4 27. a5 b5 28. Nc5+ Ke7 29. Qxc7+ Bd7 30. Bf4 Re6+ 31. Nxe6 Qxe6+ 32. Kd2 Rc8 33. Qxc8 Kf7 34. Qc5 Qe4 35. Rhe1 Qf3 36. Qe7+ Kg6 37. Qxd7 Qxf2+ 38. Re2 1-0

[Event "Madrid San Viator op 15th"]
[Site "Madrid"]
[Date "2010.11.21"]
[Round "9.9"]
[White "Barahona Torrijos, Angel"]
[Black "Cazorla Munoz, Francisco"]
[Result "1-0"]
[WhiteElo "1927"]
[BlackElo "1805"]
[PlyCount "63"]
[EventDate "2010.09.26"]
[EventType "swiss"]
[EventRounds "9"]
[EventCountry "ESP"]
[SourceTitle "EXT 2024"]
[Source "ChessBase"]
[SourceDate "2023.10.10"]
[SourceVersion "1"]
[SourceVersionDate "2023.10.10"]
[SourceQuality "1"]

1. e4 c5 2. a3 Nc6 3. b4 e6 4. Bb2 Qc7 5. b5 Nce7 6. Nc3 Ng6 7. h4 h5 8. Be2 Nf6 9. g3 b6 10. f4 Bb7 11. Bf3 d6 12. Qe2 Be7 13. Nh3 0-0-0 14. Ng5 Rdf8 15. 0-0 Bd8 16. Nd1 e5 17. f5 Ne7 18. Ne3 Kb8 19. a4 Qd7 20. Nc4 g6 21. Nxe5 dxe5 22. Bxe5+ Bc7 23. Bxf6 Rhg8 24. e5 Nxf5 25. Bxb7 Nxg3 26. Qg2 Nxf1 27. Rxf1 Qd4+ 28. Kh1 Bd8 29. Ba6 Qd7 30. e6 fxe6 31. Be5+ Bc7 32. Qb7# 1-0

[Event "Madrid San Viator op 15th"]
[Site "Madrid"]
[Date "2010.10.24"]
[Round "6.14"]
[White "Ruiz Bazaga, Miriam"]
[Black "Cazorla Munoz, Francisco"]
[Result "0-1"]
[WhiteElo "1651"]
[BlackElo "1805"]
[PlyCount "48"]
[EventDate "2010.09.26"]
[EventType "swiss"]
[EventRounds "9"]
[EventCountry "ESP"]
[SourceTitle "EXT 2024"]
[Source "ChessBase"]
[SourceDate "2023.10.10"]
[SourceVersion "1"]
[SourceVersionDate "2023.10.10"]
[SourceQuality "1"]

1. e4 e5 2. Bc4 Nf6 3. d4 exd4 4. Nf3 Be7 5. e5 Ne4 6. Qxd4 Nc5 7. 0-0 Nc6 8. Qd5 0-0 9. Be3 b6 10. Bxc5 Bxc5 11. Rd1 Qe7 12. Bb5 Bb7 13. Qxd7 Rfd8 14. Qxe7 Rxd1+ 15. Bf1 Nxe7 16. Nfd2 Rd8 17. Nb3 Ba6 18. N1d2 R8xd2 19. Nxd2 Rxa1 20. g3 Nf5 21. c3 Bxf1 22. Nxf1 a6 23. a3 Ra2 24. b4 Bxf2+ 0-1

[Event "Madrid San Viator op 14th"]
[Site "Madrid"]
[Date "2010.05.16"]
[Round "7"]
[White "Cazorla Munoz, Francisco"]
[Black "Vargas Huamani, Juan Carlos"]
[Result "1/2-1/2"]
[WhiteElo "1863"]
[BlackElo "1982"]
[PlyCount "129"]
[EventDate "2010.03.28"]
[EventType "swiss"]
[EventRounds "9"]
[EventCountry "ESP"]
[SourceTitle "EXT 2011"]
[Source "ChessBase"]
[SourceDate "2010.11.26"]
[SourceVersion "1"]
[SourceVersionDate "2010.11.26"]
[SourceQuality "1"]

1. e4 c5 2. Nf3 Nc6 3. c3 d5 4. exd5 Qxd5 5. Be2 e5 6. d3 Nf6 7. Nbd2 Bf5 8. Nc4 Bg6 9. 0-0 h6 10. Re1 Rd8 11. Ncxe5 Be7 12. Nxg6 fxg6 13. Qc2 0-0 14. b3 Nh5 15. d4 Kh8 16. c4 Nxd4 17. Nxd4 Qxd4 18. Be3 Qf6 19. Qe4 b6 20. Bd3 Bd6 21. g3 Qf5 22. Rad1 Qxe4 23. Bxe4 g5 24. Rd2 Nf6 25. Bg6 Ng4 26. Red1 Bc7 27. Kg2 Rxd2 28. Rxd2 Rd8 29. Re2 Kg8 30. Bd2 Kf8 31. Bc3 Nf6 32. Re6 Rd6 33. Re1 Rd7 34. a3 Re7 35. Re3 Rxe3 36. fxe3 Ng4 37. e4 Be5 38. Bd2 Bb2 39. a4 a5 40. h3 Ne5 41. Bh5 Ke7 42. Kf2 Kf6 43. Be2 Bd4+ 44. Be3 Nc6 45. Kf3 Bxe3 46. Kxe3 Nd4 47. Bd1 Ke5 48. Kd3 g6 49. Ke3 Nc6 50. Kd3 Nb8 51. Ke3 Nd7 52. Kd3 Nf6 53. Bf3 h5 54. g4 Kf4 55. e5 Kxe5 56. Ke3 h4 57. Bg2 Nh7 58. Be4 Nf8 59. Bd3 Ne6 60. Be2 Nd4 61. Bd1 Ne6 62. Be2 Nf8 63. Bd3 Ne6 64. Be2 Nf4 65. Bf1 1/2-1/2

[Event "Madrid San Viator op 13th"]
[Site "Madrid"]
[Date "2009.11.15"]
[Round "8"]
[White "Castro Uceda, Jose Antonio"]
[Black "Cazorla Munoz, Francisco"]
[Result "1-0"]
[WhiteElo "1715"]
[BlackElo "1863"]
[PlyCount "107"]
[EventDate "2009.09.27"]
[EventType "swiss"]
[EventRounds "9"]
[EventCountry "ESP"]
[SourceTitle "EXT 2010"]
[Source "ChessBase"]
[SourceDate "2010.11.25"]
[SourceVersion "1"]
[SourceVersionDate "2010.11.25"]
[SourceQuality "1"]

1. d4 d5 2. c4 Nf6 3. e3 e6 4. Nc3 Bb4 5. Bd3 Nbd7 6. Nf3 a6 7. 0-0 dxc4 8. Bxc4 b5 9. Bd3 Bb7 10. Re1 0-0 11. e4 Re8 12. Bg5 h6 13. Bh4 Be7 14. Bc2 Nh7 15. Bxe7 Qxe7 16. e5 Rad8 17. Qd3 Ndf8 18. Rad1 c5 19. Ne4 Rd5 20. Nxc5 Ng6 21. Nxb7 Qxb7 22. Bb3 Rdd8 23. Qe3 Ne7 24. Bc2 Nf8 25. Be4 Nd5 26. Qa3 Rc8 27. Rc1 Rc7 28. Rxc7 Qxc7 29. Qxa6 Rb8 30. Qa3 b4 31. Qb3 Ne7 32. Nd2 Qb6 33. Nf3 Rc8 34. a4 Nd7 35. Ra1 Qa5 36. Nd2 Nb6 37. Bd3 Nbd5 38. Nc4 Qa7 39. Nd6 Rc6 40. Nb5 Qa5 41. Be4 Ra6 42. h3 Qb6 43. Rd1 Ra5 44. Bc2 Nf5 45. Qd3 g6 46. g4 Nfe7 47. Qd2 Kg7 48. h4 h5 49. gxh5 gxh5 50. Qg5+ Ng6 51. Qxh5 Ngf4 52. Qg4+ Kh6 53. b3 Nh5 54. Qg5# 1-0

[Event "Madrid San Viator op 13th"]
[Site "Madrid"]
[Date "2009.10.11"]
[Round "3"]
[White "Cazorla Munoz, Francisco"]
[Black "Sanz Morinigo, Francisco Javier"]
[Result "1-0"]
[WhiteElo "1863"]
[BlackElo "1736"]
[PlyCount "68"]
[EventDate "2009.09.27"]
[EventType "swiss"]
[EventRounds "9"]
[EventCountry "ESP"]
[SourceTitle "EXT 2010"]
[Source "ChessBase"]
[SourceDate "2010.11.25"]
[SourceVersion "1"]
[SourceVersionDate "2010.11.25"]
[SourceQuality "1"]

1. e4 e5 2. Nf3 Nc6 3. Bb5 a6 4. Ba4 Nf6 5. 0-0 Be7 6. d3 d6 7. c3 b5 8. Bb3 Na5 9. Bc2 c5 10. Nbd2 Bg4 11. h3 Bh5 12. Re1 Nc6 13. Nf1 0-0 14. Ng3 Bg6 15. Nh4 d5 16. Ngf5 dxe4 17. dxe4 Qc7 18. Bg5 Rfe8 19. Qf3 Nd5 20. Nxe7+ Ndxe7 21. Rad1 Rad8 22. g4 b4 23. Bb3 Rxd1 24. Rxd1 Na5 25. Ba4 Nec6 26. Nf5 Re6 27. Rd5 f6 28. Bh4 Nc4 29. Rxc5 Nd2 30. Qd3 Bxf5 31. gxf5 Rd6 32. Rd5 Rxd5 33. Qxd5+ Qf7 34. Qxd2 bxc3 1-0

[Event "Madrid San Viator op 13th"]
[Site "Madrid"]
[Date "2009.10.04"]
[Round "2"]
[White "Cuadros Fernandez, Jose Luis"]
[Black "Cazorla Munoz, Francisco"]
[Result "1/2-1/2"]
[WhiteElo "1668"]
[BlackElo "1863"]
[PlyCount "87"]
[EventDate "2009.09.27"]
[EventType "swiss"]
[EventRounds "9"]
[EventCountry "ESP"]
[SourceTitle "EXT 2010"]
[Source "ChessBase"]
[SourceDate "2010.11.25"]
[SourceVersion "1"]
[SourceVersionDate "2010.11.25"]
[SourceQuality "1"]

1. e4 c5 2. Nf3 d6 3. d4 cxd4 4. Nxd4 Nf6 5. Nc3 a6 6. Bc4 e5 7. Nf3 Be7 8. 0-0 Qc7 9. Bb3 Nbd7 10. Ng5 0-0 11. f4 Nc5 12. Nd5 Nxd5 13. Bxd5 Ne6 14. Qh5 Bxg5 15. fxg5 Qxc2 16. Rf2 Qd3 17. Bd2 Qd4 18. Bc3 Qe3 19. Bd2 Qb6 20. b3 Bd7 21. Raf1 g6 22. Qf3 Bb5 23. Be3 Qd8 24. Rc1 Qe7 25. h4 Rac8 26. Rxc8 Rxc8 27. a4 Bc6 28. Qg4 Rf8 29. Rxf7 Rxf7 30. Bxe6 Kg7 31. Bxf7 Qxf7 32. h5 gxh5 33. Qd1 d5 34. exd5 Qxd5 35. Qxd5 Bxd5 36. b4 Kg6 37. a5 Kf5 38. Kf2 Ke4 39. Ke2 Bc4+ 40. Kf2 Kd3 41. g3 e4 42. Bc5 Kc3 43. Ke3 Bd5 44. Ke2 1/2-1/2